The Prayer of Jabez : (Record no. 356592)
[ view plain ]
| 000 -LEADER | |
|---|---|
| fixed length control field | 00673nam a2200229Ia 4500 |
| 008 - FIXED-LENGTH DATA ELEMENTS--GENERAL INFORMATION | |
| fixed length control field | 180523s9999 xx 000 0 und d |
| 020 ## - INTERNATIONAL STANDARD BOOK NUMBER | |
| International Standard Book Number | 971-92382-0-8 |
| 050 ## - LIBRARY OF CONGRESS CALL NUMBER | |
| Classification number | MAIN BS 1345.6 |
| 050 ## - LIBRARY OF CONGRESS CALL NUMBER | |
| Item number | .P68W55 2000 |
| 100 ## - MAIN ENTRY--PERSONAL NAME | |
| Personal name | Wilkinson, Bruce H. |
| 245 #4 - TITLE STATEMENT | |
| Title | The Prayer of Jabez : |
| 245 #0 - TITLE STATEMENT | |
| Remainder of title | breaking through to the blessed life / |
| 245 #0 - TITLE STATEMENT | |
| Statement of responsibility, etc | Bruce H. Wilkinson. |
| 260 ## - PUBLICATION, DISTRIBUTION, ETC. (IMPRINT) | |
| Place of publication, distribution, etc | Colorado Springs, Colo. : |
| 260 ## - PUBLICATION, DISTRIBUTION, ETC. (IMPRINT) | |
| Name of publisher, distributor, etc | Multnomah Pub, |
| 260 ## - PUBLICATION, DISTRIBUTION, ETC. (IMPRINT) | |
| Date of publication, distribution, etc | 2000 |
| 300 ## - PHYSICAL DESCRIPTION | |
| Extent | 93 pages : |
| 300 ## - PHYSICAL DESCRIPTION | |
| Dimensions | 17 cm. |
| 650 ## - SUBJECT ADDED ENTRY--TOPICAL TERM | |
| Topical term or geographic name as entry element | Jabez (biblical figure). |
| 650 ## - SUBJECT ADDED ENTRY--TOPICAL TERM | |
| Topical term or geographic name as entry element | Prayer -- Christianity. |
| 650 ## - SUBJECT ADDED ENTRY--TOPICAL TERM | |
| General subdivision | Bible. Chronicles, 1st IV, 10 -- Prayers -- History and criticism. |
| Withdrawn status | Lost status | Damaged status | Home library | Current library | Shelving location | Date acquired | Total Checkouts | Full call number | Barcode | Date last seen | Price effective from | Koha item type |
|---|---|---|---|---|---|---|---|---|---|---|---|---|
| South Mansfield College | South Mansfield College | 01/11/2008 | MAIN BS 1345.6 .P68W55 2000 | SMC04762 | 05/23/2018 | 05/23/2018 |